Sledovanie pohľadu pri hraní počítačovej hry

Gespeichert in:
Bibliographische Detailangaben
1. Verfasser: Kecskés, Dávid (Verfasst von)
Weitere Verfasser: Konôpka, Martin (Betreuung Doktorarbeit)
Format: Manuskript Buch
Sprache:Slowakisch
Veröffentlicht: 2020
Schlagworte:
Online-Zugang:http://is.stuba.sk/zp/portal_zp.pl?podrobnosti=142038
Tags: Tag hinzufügen
Keine Tags, Fügen Sie das erste Tag hinzu!

MARC

LEADER 00000ntm a22000003a 4500
001 stuzp80560
003 SK-STU
005 20200620211808.5
007 ta
008 150427s2015----xo-----f-mn---000-0-slo-d
040 |a STU  |b slo 
041 0 |a slo 
100 1 |a Kecskés, Dávid  |u 070200  |4 aut  |U FIIT Fakulta informatiky a informačných technológií  |T FIIT Ústav informatiky, informačných systémov a softvérového inžinierstva  |X 92049  |U I200  |Y 179  |7 92049 
242 0 1 |a Eye tracking while playing video games  |y eng 
245 1 0 |a Sledovanie pohľadu pri hraní počítačovej hry 
260 |c 2020 
650 4 |a horor  |2 slo 
650 4 |a hra  |2 slo 
650 4 |a sledovanie pohľadu  |2 slo 
650 4 |a game  |2 eng 
650 4 |a eye tracking  |2 eng 
650 4 |a horror  |2 eng 
700 1 |a Konôpka, Martin  |u 070200  |k Z2  |4 ths  |U FIIT Fakulta informatiky a informačných technológií  |T FIIT Ústav informatiky, informačných systémov a softvérového inžinierstva  |X 64365  |U I200  |Y 179  |7 64365 
856 4 |u http://is.stuba.sk/zp/portal_zp.pl?podrobnosti=142038